Les 200 plus grandes villes de France en Nouvelle Aquitaine - Statistiques

Statistiques générales
  • Ce quiz a été pris 296 fois
  • Le résultat moyen est 10 sur 13
Statistiques - réponses
Ville
Population
(en milliers)
% Correct
9 Bordeaux 260
100%
62 La Rochelle 77
93%
28 Limoges 130
90%
65 Pau 75
90%
123 Bayonne 51
88%
49 Poitiers 89
88%
71 Mérignac 72
81%
178 Angoulême 41
78%
96 Niort 59
78%
82 Pessac 65
73%
147 Brive la Gaillarde 46
59%
164 Talence 43
45%
190 Anglet 39
40%
Aucun quiz correspondant
Distribution des résultats
% des personnes avec chaque résultat
Percentile par nombre de réponses
Votre historique - résultats
Vous n’avez pas pris ce quiz